Planadviser

Bibliographic Details
Format: Electronic Journal
Language:English
Published: Stamford, CT : Asset International, c2006-
Subjects:
Online Access:Full text available from Research Library: 04/01/2011 to present

MARC

LEADER 00000nas a22000007a 4500
001 ssj0000465074
003 WaSeSS
005 20200512172242.0
006 m d
007 cr n
008 070213c20069999ctuqr p s 0 a0eng c
010 |a  2007212037 
022 |l 1935-9098  |y 1935-9098 
035 |a (WaSeSS)ssj0000465074 
040 |a NSD  |b eng  |c NSD  |d OCLCQ  |d U3G  |d VT2  |d OCLCF  |d WaSeSS 
042 |a nsdp  |a pcc 
222 0 |a Planadviser 
245 0 0 |a Planadviser  |h [electronic resource]. 
246 3 |a Plan adviser 
260 |a Stamford, CT :  |b Asset International,  |c c2006- 
310 |a Quarterly 
362 0 |a Vol. 1, issue 1 (fall 2006)- 
500 |a Title from cover. 
506 |a License restrictions may limit access. 
655 0 |a Electronic journals. 
850 |a DLC 
856 4 0 |z Full text available from Research Library: 04/01/2011 to present  |u https://search.proquest.com/publication/826335